economic market of fish cage culture in russey koe, phnom penh (ទីផ្សារសេដ្ឋកិច្ច នៃការចិញ្ចឹមត្រីតាមបែក្នុងស្រុកឬស្សីកែវ រាជធានីភ្នំពេញ) (Record no. 3727)

000 -LEADER
fixed length control field 00635nam a22001577a 4500
003 - CONTROL NUMBER IDENTIFIER
control field OSt
005 - DATE AND TIME OF LATEST TRANSACTION
control field 20151130100935.0
008 - FIXED-LENGTH DATA ELEMENTS--GENERAL INFORMATION
fixed length control field 151130b xxu||||| |||| 00| 0 eng d
040 ## - CATALOGING SOURCE
Transcribing agency RUA
082 ## - DEWEY DECIMAL CLASSIFICATION NUMBER
Classification number FIS TOL 1997 B168 Or.1
100 ## - MAIN ENTRY--PERSONAL NAME
9 (RLIN) 4007
Personal name TOL, BUNNA.
245 ## - TITLE STATEMENT
Title economic market of fish cage culture in russey koe, phnom penh (ទីផ្សារសេដ្ឋកិច្ច នៃការចិញ្ចឹមត្រីតាមបែក្នុងស្រុកឬស្សីកែវ រាជធានីភ្នំពេញ)
260 ## - PUBLICATION, DISTRIBUTION, ETC. (IMPRINT)
Place of publication, distribution, etc. Phnom Penh
Name of publisher, distributor, etc. RUA
Date of publication, distribution, etc. 1997
300 ## - PHYSICAL DESCRIPTION
Extent 57p.
Other physical details ill.
Dimensions 29cm.
942 ## - ADDED ENTRY ELEMENTS (KOHA)
Source of classification or shelving scheme
Koha item type FIS
Holdings
Price effective from Date last seen Permanent Location Not for loan Date acquired Source of classification or shelving scheme Koha item type Lost status Withdrawn status Date last checked out Total Checkouts Shelving location Damaged status Barcode Current Location Full call number
2015-11-302020-02-18Library Block B 2015-11-30 FIS  2020-01-102B168 RUA010950Library Block BFIS TOL 1997 B168 Or.1
2015-11-302015-11-30Library Block B 2015-11-30 FIS    B168 RUA010941Library Block BFIS TOL 1997 B168 Or.2
2015-11-302015-11-30Library Block B 2015-11-30 FIS    B168 RUA028955Library Block BFIS TOL 1997 B168 Or.3
2015-11-302015-11-30Library Block B 2015-11-30 FIS    B168 RUA010927Library Block BFIS TOL 1997 B168 Or.4
2015-11-302015-11-30Library Block B 2015-11-30 FIS    B168 RUA010855Library Block BFIS TOL 1997 B168 Or.5
2015-11-302015-11-30Library Block B 2015-11-30 FIS      RUA020484Library Block BFIS TOL 1997 B168 Or.6
2015-11-302015-11-30Library Block B 2015-11-30 FIS      RUA020477Library Block BFIS TOL 1997 B168 Or.7
2015-11-302015-11-30Library Block B 2015-11-30 FIS      RUA020549Library Block BFIS TOL 1997 B168 Or.8
2015-11-302015-11-30Library Block B 2015-11-30 FIS      RUA020706Library Block BFIS TOL 1997 B168 Or.9
2015-11-302015-11-30Library Block B 2015-11-30 FIS      RUA020628Library Block BFIS TOL 1997 B168 Or.10
2015-11-302015-11-30Library Block B 2015-11-30 FIS      RUA020700Library Block BFIS TOL 1997 B168 Or.11
មជ្ឈមណ្ឌលឯការនៃសាកលវិទ្យាល័យភូមិន្ទកសិកម្មចំការដូង

Powered by Koha